ZÁVISLOSŤ RELATÍVNEJ VLHKOSTI VZDUCHU OD POVETERNOSTNEJ SITUÁCIE V OBLASTI BRATISLAVY

Podrobná bibliografia
Hlavní autori: Murínová, Galina (Autor), Ostrožlík, Marián, 1941- (Autor)
Médium: Článok
Jazyk:slovenčina

MARC

LEADER 00000nab a2200000ua 4500
001 vtls010843513
003 SK-MaSNL
005 20260303103948.0
008 230121s1977 xo |||||||||||||||||slo|
035 |a (urnnbn)urn:nbn:sk:snk:ar-a070jm 
035 |a urn:nbn:sk:snk-ab65l1 
035 |a (uuid)8dc9ef67-bd2a-42ab-b0eb-081e7e3b5a1d 
040 |a SNKBUCL  |b slo  |c SNKBUCL  |e AACR2 
041 0 |a slo 
044 |a xo  |c SK 
100 1 |a Murínová, Galina  |4 aut  |9 927299 
245 1 0 |a ZÁVISLOSŤ RELATÍVNEJ VLHKOSTI VZDUCHU OD POVETERNOSTNEJ SITUÁCIE V OBLASTI BRATISLAVY  |c Galina Murínová, Marian Ostrožlík 
700 1 |a Ostrožlík, Marián,  |d 1941-  |4 aut  |9 109443 
773 0 |t Meteorologické zprávy  |g Roč. 30, č. 2 (1977), s. 61-64 
954 |a odborná, vedecká literatúra pôvodná (slovenská)  |2 lita 
958 |a OND 
958 |a EUIPO 
958 |a article5 
999 |c 1853334  |d 1855264